Particionált címkeresési módszer

Elmentve itt :
Bibliográfiai részletek
Szerző: Belinszky Gabriella
További közreműködők: Bohus Mihály (Témavezető)
Benczur András (Témavezető)
Dokumentumtípus: Szakdolgozat
Megjelent: 1984
Tárgyszavak:
Online Access:http://diploma.bibl.u-szeged.hu/148
LEADER 00627nta a2200181 i 4500
001 dipl148
005 20130314065554.0
008 101105s1984 hu om 0|| hun d
040 |a SZTE Diploma Repozitórium  |b hun 
041 |a hun 
100 1 |a Belinszky Gabriella 
245 1 0 |a Particionált címkeresési módszer  |h [elektronikus dokumentum] /  |c Gabriella Belinszky 
260 |c 1984 
650 4 |a Informatika 
650 4 |a Computer and information sciences 
700 0 1 |a Bohus Mihály  |e ths 
700 0 1 |a Benczur András  |e ths 
856 4 0 |u https://diploma.bibl.u-szeged.hu/id/eprint/148/1/1984_belinszky_gabriella_84_5.pdf  |z Dokumentum-elérés